[Event "IRL-ch 100th Weekday op"]
[Site "Dublin"]
[Date "2021.08.05"]
[Round "4"]
[White "McBrien, Dylan"]
[Black "Ryan, Joshua"]
[Result "0-1"]
[WhiteElo "1128"]
[BlackElo "700"]
[PlyCount "84"]
[EventDate "2021.08.02"]
[EventType "swiss"]
[EventRounds "5"]
[EventCountry "IRL"]
[SourceTitle "EXT 2022"]
[Source "ChessBase"]
[SourceDate "2021.10.06"]
[SourceVersion "1"]
[SourceVersionDate "2021.10.06"]
[SourceQuality "1"]

1. d4 d5 2. c4 c6 3. cxd5 cxd5 4. Nc3 Nf6 5. f3 Qb6 6. e4 dxe4 7. fxe4 e5 8. Nf3 exd4 9. Qxd4 Bc5 10. Bb5+ Nc6 11. Bxc6+ Qxc6 12. Qa4 Bd7 13. Qxc6 Bxc6 14. e5 Ng4 15. h3 Bxf3 16. hxg4 Bxg2 17. Rh2 Bc6 18. Bg5 0-0 19. 0-0-0 h6 20. Bf4 Rad8 21. Re1 Rfe8 22. g5 hxg5 23. Bxg5 Be7 24. Bxe7 Rxe7 25. Re3 f6 26. Reh3 Rde8 27. exf6 gxf6 28. Rh8+ Kf7 29. R2h7+ Ke6 30. Rxe8 Rxe8 31. a4 a5 32. Rh5 f5 33. Nb5 Bxb5 34. axb5 Ke5 35. Rh7 b6 36. Rh2 Rd8 37. Re2+ Kf6 38. Rc2 Rd6 39. Rc4 Ke5 40. b3 Rd5 41. b4 a4 42. Kb2 Rd4 0-1

[Event "IRL-ch 100th Weekday op"]
[Site "Dublin"]
[Date "2021.08.04"]
[Round "3"]
[White "Keenan, Cathal"]
[Black "McBrien, Dylan"]
[Result "1-0"]
[WhiteElo "700"]
[BlackElo "1128"]
[PlyCount "75"]
[EventDate "2021.08.02"]
[EventType "swiss"]
[EventRounds "5"]
[EventCountry "IRL"]
[SourceTitle "EXT 2022"]
[Source "ChessBase"]
[SourceDate "2021.10.06"]
[SourceVersion "1"]
[SourceVersionDate "2021.10.06"]
[SourceQuality "1"]

1. d4 d5 2. Bg5 Nf6 3. Nd2 e6 4. e3 h6 5. Bh4 c5 6. c3 Nc6 7. Bd3 Bd6 8. Ngf3 cxd4 9. exd4 0-0 10. 0-0 e5 11. dxe5 Nxe5 12. Nxe5 Bxe5 13. Nf3 Bc7 14. Nd4 Re8 15. Bc2 Bxh2+ 16. Kxh2 Ng4+ 17. Qxg4 Bxg4 18. Bxd8 Raxd8 19. Rae1 a6 20. Bf5 Bxf5 21. Nxf5 h5 22. Nd4 g6 23. Kg3 Kf8 24. f3 Rxe1 25. Rxe1 Re8 26. Rxe8+ Kxe8 27. Kf4 f6 28. Ne6 Ke7 29. Nc5 b5 30. Nxa6 Kd6 31. b4 d4 32. cxd4 Kd5 33. Ke3 f5 34. Nc7+ Kc6 35. Nxb5 Kxb5 36. d5 g5 37. a4+ Kb6 38. a5+ 1-0

[Event "IRL-ch U16"]
[Site "Dublin"]
[Date "2019.04.13"]
[Round "3"]
[White "Collins, Adam"]
[Black "McBrien, Dylan"]
[Result "1-0"]
[WhiteElo "1541"]
[BlackElo "1060"]
[PlyCount "61"]
[EventDate "2019.04.12"]
[EventType "swiss"]
[EventRounds "6"]
[EventCountry "IRL"]
[SourceTitle "EXT 2021"]
[Source "ChessBase"]
[SourceDate "2020.10.23"]
[SourceVersion "1"]
[SourceVersionDate "2020.10.23"]
[SourceQuality "1"]

1. e4 e5 2. Nf3 Nc6 3. Bb5 a6 4. Ba4 Nf6 5. 0-0 Bc5 6. Re1 0-0 7. Bxc6 bxc6 8. Nxe5 Re8 9. d4 Bb4 10. c3 Bd6 11. f4 c5 12. Qc2 cxd4 13. cxd4 Bb4 14. Bd2 Bxd2 15. Nxd2 d6 16. Nef3 d5 17. e5 Nh5 18. g3 Bg4 19. Ng5 g6 20. Rac1 Re7 21. Re3 Bf5 22. Qc5 Rb8 23. Rb3 Rxb3 24. Nxb3 h6 25. Nf3 Ng7 26. Qa3 Qc8 27. Qxe7 Ne6 28. Nc5 Nxc5 29. Rxc5 Be4 30. Rxc7 Qf5 31. Nh4 1-0